01261nam a22001577a 4500999001900000008004100019100004700060245003900107260001200146300003000158520076800188773001200956906002200968942000700990952010600997 c520139d520139220704b ||||| |||| 00| 0 eng d aMishra, Avinash and Anand, Priyanak931824 aBridging India inc’s credit gap  aYojana  a66(3), Mar, 2022: p.29-32 aThe Indian financial markets has grown substantially over the years in terms of trading volumes, market capitalization, turnover, and number of listed stock. The phenomenal growth can be attributed to number of reforms introduced in the 1990s, such as establishment of the capital markets regulator, anonymous electronic trading system, cleaning corporation for efficient risk management, derivatives trading, and setting up of depositories. These have enhanced transparency and efficiency in financial markets and led to significant decline in transaction costs. A diversified pool o financial instrument has also broadened investors’ base and helped corporate mobiles capital for large-scale investments employment generation in the country. – Reproduced  aYojana  aFINANCIAL MARKETS cAR 00102ddc40709394209aIIPAbIIPAd2022-07-04h66(3), Mar, 2022: p.29-32pAR126803.r2022-07-04yAR